00427 a2200109 4500082001600000110003400016245014300050260002700193300002200220650004100242710003400283 a708bSA175c aGobierno del Distrito Federal aCinco continentes y una ciudad Segundo salon internacional de pinturabFive continents and one city Second international salon of painting aCiudad de Mexicoc1999 a383 pbcolc28 cm apintura modernaxexhibicionesys. XX aGobierno del Distrito Federal